Disney Parks Animatronics Quiz - Statistics

General Stats
  • This quiz has been taken 185 times
  • The average score is 11 of 15
Answer Stats
Animatronic Attraction % Correct
Capt. Jack Sparrow Pirates of the Caribbean
100%
Yeti Expedition Everest
94%
Donald Trump Hall of Presidents
91%
Rocket Raccoon Guardians of the Galaxy - Mission: Breakout!
83%
Br'er Rabbit Splash Mountain
82%
C-3PO Star Tours
81%
Mr. Potato Head Toy Story Midway Mania
79%
Figment Journey Into Imagination with Figment
76%
Na'vi Shaman of Songs Na'vi River Journey
75%
Big Al Country Bear Jamboree
72%
Dorothy Gale The Great Movie Ride
63%
Abe Lincoln Great Moments with Mr. Lincoln/Hall of Presidents
47%
John Walt Disney's Carousel of Progress
45%
Sonny Eclipse Cosmic Ray's Starlight Cafe
43%
Jose, Michael, Pierre, and Fritz Walt Disney's Enchanted Tiki Room
42%
No matching quizzes found
Score Distribution
Percent of People with Each Score
Percentile by Number Answered
Your Score History
You have not taken this quiz